| 000 | 01173cam a22002651i 4500 | ||
|---|---|---|---|
| 003 | SA-RiAUC | ||
| 005 | 20241013142944.0 | ||
| 008 | 241002s2003 le g 00000 ara c | ||
| 040 |
_aQA-DoFIS _bara _cSA-RiAUC. _erda |
||
| 050 | 4 | _bA39 2003 | |
| 082 | 0 | 4 | _a258.2 |
| 090 |
_a258.2 _b ا ب ن ف |
||
| 100 | 1 |
_aابن فرحون، إبراهيم بن علي بن محمد، _dتوفي 799 هجري _eمؤلف. |
|
| 245 | 1 | 2 |
_aالمسائل الملقوطة من الكتب المبسوطة / _cتأليف أبي عبد الله محمد بن برهان الدين إبراهيم بن علي بن فرحون ؛ اعتنى به وصححه جلال علي القذافي الجهاني. |
| 250 | _aالطبعة الأولى. | ||
| 264 | 1 |
_aبيروت : _bدار ابن حزم، _c2003 |
|
| 300 |
_a386 صفحة؛ _c24 سم |
||
| 336 |
_aنص _btxt _2rdacontent _3كتاب |
||
| 337 |
_aبدون وسيط _bn _2rdamedia |
||
| 338 |
_aمجلد _bnc _2rdacarrier |
||
| 650 | 7 |
_aالفقه المالكي _2aucsh |
|
| 700 | 1 |
_aالجهاني، جلال علي القذافي _eمراجع. |
|
| 942 |
_2ddc _cBOOK _n0 |
||
| 949 |
_aSA-JeALM _d241002 _umohamedma123 _n1 |
||
| 999 |
_c857 _d857 |
||